IT Service Management

Bibliographic Details
Format: Article
Language:Slovak
PhysicalDescription:Sch.
ISSN:1335-4787
Subjects:

MARC

LEADER 00000nab a2200000 a 4500
001 vtls008625445
003 SK-MaSNL
005 20260304180059.0
008 250505c2005 xo mr|p|||||||000 b|slo
015 |a SNBRB2006/02  |2 snkbucl 
035 |a (sysno)vtls008625445 
035 |a urn:nbn:sk:snk-ab6i2a 
035 |a (uuid)1d7933c1-fb14-4144-8383-e395a2ec7cfc 
035 |a (urnnbn)urn:nbn:sk:snk:ar-0038z7 
038 |a SNKBUCL 
040 |a SNKBUCL  |b slo  |c SNKBUCL  |e AACR2 
041 0 |a slo 
044 |a xo  |c SK 
080 |a 658.012.43:004  |2 1997 
080 |a 65.012.45  |2 1997 
080 |a 004:658  |2 1997 
080 |a 004:005  |2 1997 
245 0 0 |a IT Service Management 
300 |b Sch. 
650 0 7 |a podnikové informačné systémy  |2 snkbucl  |9 68605 
650 0 7 |a služby informačných technológií  |2 snkbucl  |9 1509147 
650 0 7 |a informačný manažment  |2 snkbucl  |9 4990 
650 0 7 |a informačné technológie  |2 snkbucl  |9 1527 
773 0 |t Infoware  |g Č. november (2005), s. 26-28  |x 1335-4787 
850 |a Slovenská národná knižnica 
852 |a Slovenská národná knižnica 
954 |a odborná, vedecká literatúra pôvodná (slovenská)  |2 lita 
958 |a article2022 
958 |a OND 
958 |a EUIPO 
999 |c 3016431  |d 3018361